Leksykon bankowo-gieldowy

Enregistré dans:
Détails bibliographiques
Auteur principal: Krzyzkiewicz, Zbigniew
Autres auteurs: Jaworski, Wladyslaw L., Pulawski, Mieczyslaw
Format: Livre
Langue:polonais
Publié: Warszawa Poltext 1998
Sujets:
Tags: Ajouter un tag
Pas de tags, Soyez le premier à ajouter un tag!

MARC

LEADER 00000nam a2200000 4500
001 c120092
005 20221109093859.2
020 |a 83-86890-50-9 
041 0 |a pol 
044 |a PL 
245 1 0 |a Leksykon bankowo-gieldowy  |c Zbigniew Krzyzkiewicz, Wladyslaw L. Jaworski, Mieczyslaw Pulawski 
264 1 |a Warszawa  |b Poltext  |c 1998 
300 |a 707 s. 
610 2 0 |a banky 
610 2 0 |a burzy 
610 2 0 |a terminológia 
100 1 |a Krzyzkiewicz, Zbigniew 
700 1 |a Jaworski, Wladyslaw L. 
700 1 |a Pulawski, Mieczyslaw